01564na a2200397 450000100060000000300080000600500170001400800410003103500100007204000250008204100080010708200280011511100580014322200600020124501340026124600170039524600600041224600320047224600260050426000240053030000250055449000400057950001080061950000510072761000280077861000530080661000470085965100470090665700310095374000170098474000600100174000260106174000320108774000270111983000200114617712MIRAKIL20181213155231.0161222b tu 000 0  a17712 aMilasbturcTR-AnCHP atur aCHP 324.2372bC36y 1998 aCHP Olağan KurultaycAnkarad23-24 Mayıs 1998n28. a28. Olağan Kurultay Parti Meclisi çalışma raporu aCumhuriyet Halk Partisi 28. Olağan Kurultay'ına sunulacak çalışma raporub(23-24 Mayıs, Ankara)cCumhuriyet Halk Partisi a28. Kurultay a28. Olağan Kurultay Parti Meclisi çalışma raporu aCHP 28. Olağan Kurultayı a28. Olağan Kurultay aAnkarabCHPc[1998] a208 s.bgrf.c24 sm. aCumhuriyet Halk Partisi yayınları aCumhuriyet Halk Partisi 28. Olağan Kurultayı : 23-24 Mayıs 1998 : Parti Meclisi çalışma raporu aDış kapakta adı : "Değişimin gücü" aCumhuriyet Halk Partisi aCumhuriyet Halk PartisixÇalışma raporları aCumhuriyet Halk PartisixKurultaylary1998 aTürkiyexSiyaset ve yönetimy1995-1999 aCHP Olağan Kurultayları a28. Kurultay a28. Olağan Kurultay Parti Meclisi çalışma raporu a28. Olağan Kurultay aCHP 28. Olağan Kurultayı aDeğişimin gücü aCHP yayınları